[Event "Olympiad Women 2024"]
[Site "Budapest HUN"]
[Date "2024.09.18"]
[Round "7.28"]
[Board "3"]
[White "Ning, Isabelle Yixuan"]
[Black "De Rycke, Tyani"]
[Result "0-1"]
[WhiteElo "1915"]
[BlackElo "2110"]
[PlyCount "106"]
[EventDate "2024.09.11"]
[WhiteTeam "New Zealand"]
[BlackTeam "Belgium"]
[WhiteTeamCountry "NZL"]
[BlackTeamCountry "BEL"]

1. d4 Nf6 2. c4 g6 3. Nc3 Bg7 4. e4 d6 5. h3 Nbd7 6. Be3 e5 7. d5 h5 8. Bd3 Bh6 9. Bxh6 Rxh6 10. Qd2 Rh8 11. Nge2 ({RR} 11. O-O-O h4 12. Nge2 Kf8 13. g3 Kg7 14. Rdg1 hxg3 15. fxg3 Nc5 16. g4 a5 17. Ng3 Nxd3+ 18. Qxd3 Bd7 19. Qf3 Rh4 20. Qf2 Nh7 21. Rf1 Qe7 22. Kb1 Rh8 23. Nce2 b5 24. Ng1 Ng5 25. Nh5+ R8xh5 {0-1 Kalosha,Z (2232)-Kavutskiy,K (2328) 28th Hotel Adriatico 2024 (4.8)}) 11... a5 $146 ({RR} 11... h4 12. Bc2 Kf8 13. O-O-O Kg7 14. Rdf1 a6 15. f4 exf4 16. Rxf4 Ne5 17. Rhf1 Nh5 18. R4f2 Bd7 19. Kb1 Qe7 20. Nd1 b5 21. Qc3 Rhf8 22. Ne3 Rab8 23. Bb3 Kg8 24. Rc1 bxc4 25. Bxc4 Bb5 26. Bxb5 {1-0 Ruiz Castillo,J (2454)-Kavutskiy,K (2395) San Jose Mission 360 GM/IM 3rd 2022 (3)}) ({RR} 11... Kf8 12. O-O Kg7 13. f4 exf4 14. Rxf4 Ne5 15. Raf1 Nh7 16. Nd4 Qe7 17. Nf3 Rf8 18. Nxe5 Qxe5 19. Qf2 f6 20. Nb5 c5 21. dxc6 bxc6 22. Nd4 Bd7 23. b3 c5 24. Nc2 Ng5 25. h4 Ne6 26. Rf3 {0-1 Andreikin,D (2729)-Tabatabaei,M (2664) Chess.com Rapid Wk23 Swiss 2022 (3)}) 12. Bc2 Nc5 13. O-O-O Qe7 14. Rhf1 Nfd7 15. f4 exf4 16. Nxf4 Ne5 17. Qd4 Bd7 18. Kb1 O-O-O 19. Nd3 Nexd3 20. Bxd3 f5 21. Bc2 Rdf8 22. exf5 gxf5 23. Rde1 Qg5 24. Rf2 Rhg8 25. Ref1 Re8 26. Bxf5 Bxf5+ 27. Rxf5 Qxg2 28. Nb5 Qe4+ 29. Qxe4 Nxe4 30. R1f4 Rg1+ 31. Kc2 Rg2+ 32. Kc1 Rg1+ 33. Rf1 Rxf1+ 34. Rxf1 c6 35. dxc6 bxc6 36. Nd4 Kc7 37. Rf5 Re5 38. Rxe5 dxe5 39. Ne6+ Kd6 40. Ng7 Ng3 41. Ne8+ Kd7 42. Nf6+ Ke7 43. Nh7 Ne4 44. a3 Kf7 45. b4 axb4 46. axb4 Kg7 47. b5 cxb5 48. cxb5 Kxh7 49. b6 Nd6 50. Kc2 Kg6 51. Kc3 Kf6 52. Kb4 e4 53. Kc5 Ke5 0-1

[Event "Olympiad Women 2024"]
[Site "Budapest HUN"]
[Date "2024.09.18"]
[Round "7.28"]
[Board "4"]
[White "Dierckens, Sarah"]
[Black "Chang, Yolanda"]
[Result "1/2-1/2"]
[WhiteElo "1943"]
[BlackElo "1908"]
[PlyCount "86"]
[EventDate "2024.09.11"]
[WhiteTeam "Belgium"]
[BlackTeam "New Zealand"]
[WhiteTeamCountry "BEL"]
[BlackTeamCountry "NZL"]

1. e4 c5 2. Nf3 Nc6 3. d4 cxd4 4. Nxd4 Nf6 5. Nc3 e5 6. Ndb5 d6 7. Bg5 a6 8. Na3 b5 9. Nd5 Be7 10. Bxf6 Bxf6 11. c3 O-O 12. h4 g6 ({RR} 12... Be6 13. Nc2 Bxd5 14. Qxd5 Ne7 15. Qd3 d5 16. Rd1 Qa5 17. exd5 e4 18. Qxe4 Rfe8 19. Ne3 Rad8 20. Bd3 g6 21. Qf3 Nxd5 22. O-O Nxe3 23. fxe3 Re6 24. h5 Qxa2 25. hxg6 hxg6 26. Bc4 Qxc4 27. Rxd8+ {1-0 Anisimov,P (2527)-Sjugirov,S (2663) Titled Tuesday intern op 23rd Mar blitz 2021 (9)}) 13. h5 Bg5 14. Nc2 f5 $146 ({RR} 14... Be6 15. Nce3 Bxe3 16. Nxe3 Rc8 17. a3 Qg5 18. Qf3 Rfd8 19. Rd1 Ne7 20. g3 Rc5 21. hxg6 fxg6 22. Rh4 Kg7 23. Qh1 Bg8 24. Qh2 d5 25. f4 exf4 26. gxf4 Qf6 27. Ng4 Qe6 28. Ne5 Nc6 29. exd5 {1-0 Kawooya,J (1869)-Egesa,E (2123) UGA olympic qual 2022 (4)}) ({RR} 14... Rb8 15. Bd3 Ne7 16. Nce3 Bxe3 17. Nxe3 d5 18. hxg6 hxg6 19. Qf3 Kg7 20. Qg3 Qd6 21. Qh4 Bd7 22. Qh6+ Kf6 23. Qh4+ g5 24. Qh6+ Ng6 25. Nxd5+ Ke6 26. Qg7 Bc6 27. Rh6 Kd7 28. Nf6+ Kc7 29. Rxg6 {0-1 Solovjov,A (2237)-Horak,M (2333) Titled Tue 23rd Apr Early 2024 (10)}) ({RR} 14... Ne7 15. Nce3 Be6 16. hxg6 fxg6 17. Be2 Nxd5 18. Nxd5 Ra7 19. Bg4 Qd7 20. Bxe6+ Qxe6 21. Qe2 Raf7 22. f3 Qc8 23. Kd1 Rb7 24. b4 Qc6 25. Kc2 Ra8 26. Kb2 a5 27. a3 Rba7 28. Qd3 Kg7 29. Qe2 {1-0 Cuervo Velasquez,J (1678)-Lopez Ramirez,J (1867) Pereira Fiestas de la Cosecha 2022 (6)}) ({RR} 14... Rb8 15. Nce3 Ne7 16. Bd3 Nxd5 17. Nxd5 Bb7 18. Qg4 Bxd5 19. exd5 f5 20. Qh3 e4 21. hxg6 h6 22. Be2 Qf6 23. Qh5 b4 24. O-O bxc3 25. bxc3 Kg7 26. Bxa6 Qxg6 27. Qxg6+ Kxg6 28. c4 f4 29. Bb5 {0-1 Zhou,Q (2201)-Harish,N (1981) Titled Tue 31st Jan Late 2023 (4)}) 15. hxg6 hxg6 16. exf5 Bxf5 17. Nce3 Be6 18. Bd3 Bxe3 19. Nxe3 Qg5 20. Be4 Qf4 21. Qc2 Nd4 22. cxd4 Rac8 23. g3 Qf6 24. Qe2 exd4 25. Nd5 Qg5 26. Nf4 Bc4 27. Qd2 Qe5 28. f3 d5 29. Nxg6 Qxg3+ 30. Kd1 dxe4 31. Rh8+ Kf7 32. Rxf8+ Rxf8 33. Nxf8 Qxf3+ 34. Kc2 d3+ 35. Kc3 Qf6+ 36. Kb4 Kxf8 37. Ka3 Qe7+ 38. b4 a5 39. Qf4+ Ke8 40. Qb8+ Qd8 41. Qe5+ Qe7 42. Qb8+ Qd8 43. Qe5+ Qe7 1/2-1/2

[Event "Olympiad Women 2024"]
[Site "Budapest HUN"]
[Date "2024.09.18"]
[Round "7.29"]
[Board "1"]
[White "Corrales Jimenez, Zenia"]
[Black "Gong, Qianyun"]
[Result "1-0"]
[WhiteElo "2170"]
[BlackElo "2250"]
[PlyCount "107"]
[EventDate "2024.09.11"]
[WhiteTeam "Mexico"]
[BlackTeam "Singapore"]
[WhiteTeamCountry "MEX"]
[BlackTeamCountry "SIN"]

1. e4 e6 2. d4 d5 3. Nc3 Be7 4. Bd3 c5 5. exd5 exd5 6. dxc5 Nc6 ({RR} 6... Nf6 7. Nf3 O-O 8. Be3 Nbd7 9. O-O Nxc5 10. h3 Nce4 11. Ne2 Re8 12. c3 h6 13. Qc2 Bc5 14. Bxc5 Nxc5 15. Rad1 Qd6 16. Bb5 Bd7 17. Bxd7 Qxd7 18. Ned4 Rac8 19. Rfe1 Rxe1+ 20. Rxe1 Re8 21. Rd1 {1-0 Firouzja,A (2777)-Demidov,M (2566) Titled Tue 8th Aug Early 2023 (8)}) ({RR} 6... Nf6 7. Nf3 O-O 8. O-O Nbd7 9. h3 Nxc5 10. Be3 Nce4 11. Nb5 a6 12. Nbd4 Re8 13. Re1 Bd6 14. a4 Bd7 15. c3 Rc8 16. Bf1 Bb8 17. g3 h6 18. Bg2 Nd6 19. Nd2 Nf5 20. Nxf5 Bxf5 21. Bd4 {½-½ Rathanvel,V (2474)-Coles,R (2100) Riga Tech Open A 2024 (1.20)}) 7. Nf3 Bxc5 8. O-O Nf6 $146 ({RR} 8... Nge7 9. h3 O-O 10. Bf4 Ng6 11. Bg3 Be6 12. Re1 Qd7 13. Ng5 Rae8 14. Qh5 h6 15. Nxe6 Rxe6 16. Qxd5 Rxe1+ 17. Rxe1 Qxd5 18. Nxd5 Rd8 19. c4 Nb4 20. Nxb4 Bxb4 21. Rd1 Kf8 22. a3 Be7 23. Be2 {0-1 Michalczak,T (2200)-Haitin,I (2284) Titled Tue 1st Aug Late 2023 (11)}) 9. Bg5 Be6 10. Re1 O-O 11. Bh4 h6 12. a3 a6 13. Qd2 Rc8 14. h3 Be7 15. Bg3 Nd7 16. Ne2 Bf6 17. Rab1 Nc5 18. Nf4 Re8 19. Nxe6 fxe6 20. Bg6 Re7 21. Nh2 Rd7 22. b4 Na4 23. Rxe6 Nd4 24. Re8+ Qxe8 25. Bxe8 Rxe8 26. Nf3 Nxf3+ 27. gxf3 Rf8 28. Qd3 Bc3 29. Kh1 b5 30. Rg1 Bf6 31. Bf4 Kh8 32. Qg6 Bg5 33. Bxg5 hxg5 34. Rxg5 Rff7 35. Rh5+ Kg8 36. Qh7+ Kf8 37. Re5 Rfe7 38. Qh8+ Kf7 39. Rf5+ Ke6 40. Qh5 Kd6 41. Rxd5+ Kc6 42. c4 bxc4 43. Ra5 Nb6 44. Rxa6 Re6 45. Qa5 Rb7 46. Qc5+ Kd7 47. a4 Rc6 48. Qf5+ Kc7 49. b5 Rf6 50. Qe5+ Kc8 51. a5 Nd7 52. Ra8+ Nb8 53. Qe8+ Kc7 54. b6+ 1-0

[Event "Olympiad Women 2024"]
[Site "Budapest HUN"]
[Date "2024.09.18"]
[Round "7.29"]
[Board "2"]
[White "Rice, Lauren"]
[Black "Mendez Tovar, Yessica Yissel"]
[Result "1/2-1/2"]
[WhiteElo "1824"]
[BlackElo "2004"]
[PlyCount "148"]
[EventDate "2024.09.11"]
[WhiteTeam "Singapore"]
[BlackTeam "Mexico"]
[WhiteTeamCountry "SIN"]
[BlackTeamCountry "MEX"]

1. d4 Nf6 2. c4 c5 3. d5 g6 4. Nc3 Bg7 5. g3 O-O 6. Bg2 d6 7. e4 e6 8. Nge2 exd5 9. cxd5 Re8 10. O-O b5 11. e5 Rxe5 12. Bf4 Re8 13. Nxb5 Ba6 ({RR} 13... Bf8 14. Re1 a6 15. Na3 Nbd7 16. Nc4 Nb6 17. b3 Nxc4 18. bxc4 Bg4 19. f3 Bf5 20. g4 Bd7 21. Qd2 Rb8 22. Bg5 Bg7 23. Qf4 Re5 24. Ng3 Nxd5 25. Qxe5 Bxe5 26. Bxd8 Bd4+ 27. Kh1 Nf4 28. Bg5 {1-0 Moreira,P (1797)-De Oliveira,Y (1964) IV Niteroi Chess Open 2024 (5.30)}) 14. Nec3 Bf8 $146 ({RR} 14... Nh5 15. Nxd6 Nxf4 16. Nxe8 Bxc3 17. gxf4 Bxf1 18. Qxf1 Qxe8 19. bxc3 Nd7 20. Re1 Qf8 21. Qd3 Qd6 22. f5 Ne5 23. Qg3 Re8 24. f4 Nf3+ 25. Bxf3 Rxe1+ 26. Qxe1 Qxf4 27. fxg6 hxg6 28. Qd1 Qe3+ 29. Kh1 {1-0 Gnojek,P (2018)-Wieczorek,M (1761) Pobeskydy op 2018 (3)}) ({RR} 14... Nh5 15. Bxd6 Bxc3 16. Bc7 Qd7 17. Nxc3 Bxf1 18. Qxf1 Qxc7 19. d6 Qxd6 20. Bxa8 Nc6 21. Nb5 Qf6 22. Bxc6 Qxc6 23. Nxa7 Qf6 24. Qb5 Rd8 25. a4 Qf3 26. Re1 Nf4 27. gxf4 Qg4+ 28. Kf1 Qh3+ 29. Kg1 {½-½ Gukesh,D (2578)-Adhiban,B (2660) Goldmoney Asian Prelim rapid 2021 (3.2)}) ({RR} 14... Nh5 15. Nxd6 Bxf1 16. Nxe8 Bxg2 17. Nc7 Nxf4 18. Nxa8 Bxc3 19. bxc3 Bxd5 20. gxf4 Na6 21. c4 Qxa8 22. Qxd5 Qc8 23. f5 Nb4 24. Qf3 Nc2 25. fxg6 hxg6 26. Rb1 Nd4 27. Qe3 Qg4+ 28. Kf1 Qf5 29. Rb8+ {1-0 Nomindalai,T (2132)-Lhotska,A (2159) World Rapid Women 2022 (6.36)}) 15. Qa4 Qb6 16. Rfe1 Nbd7 17. Nc7 Qxc7 18. Qxa6 Rab8 19. b3 Rb6 20. Qd3 Rb4 21. Rxe8 Nxe8 22. Nb5 Qb8 23. Bf1 Bg7 24. Re1 Ne5 25. Bxe5 Bxe5 26. a3 c4 27. bxc4 Rb2 28. Qe3 Ng7 29. Bh3 a6 30. Nd4 Qb7 31. Rd1 h6 32. Nc6 Rb3 33. Rd3 Rb1+ 34. Kg2 Bf6 35. Qf4 Qb2 36. Bg4 Qc1 37. Qxc1 Rxc1 38. Na5 Bd8 39. Nb7 f5 40. Nxd8 fxg4 41. Nb7 Nf5 42. c5 Rb1 43. c6 Rc1 44. h3 h5 45. hxg4 hxg4 46. Na5 Kf7 47. Nb3 Rc4 48. Nd2 Rc2 49. Ne4 Ke7 50. Rc3 Rxc3 51. Nxc3 Kf6 52. a4 Ke5 53. a5 Ne7 54. c7 Kd4 55. Na4 Kxd5 56. Nb6+ Kc5 57. c8=Q+ Nxc8 58. Nxc8 d5 59. Kf1 Kb4 60. Ke2 Kxa5 61. Kd3 Kb4 62. Kd4 a5 63. Nb6 Kb3 64. Kxd5 Kc3 65. Ke4 Kd2 66. f3 gxf3 67. Kxf3 Kd3 68. Kf4 Kd4 69. Kg5 Ke4 70. g4 Kf3 71. Na4 Kg3 72. Nb2 Kf3 73. Na4 Kg3 74. Nb2 Kf3 1/2-1/2

[Event "Olympiad Women 2024"]
[Site "Budapest HUN"]
[Date "2024.09.18"]
[Round "7.29"]
[Board "3"]
[White "Padilla Garcia, Cecilia Xasive"]
[Black "Koh, Wei Le Gladys"]
[Result "1-0"]
[WhiteElo "1954"]
[BlackElo "1788"]
[PlyCount "145"]
[EventDate "2024.09.11"]
[WhiteTeam "Mexico"]
[BlackTeam "Singapore"]
[WhiteTeamCountry "MEX"]
[BlackTeamCountry "SIN"]

1. e4 e5 2. Nf3 Nc6 3. Nc3 Nf6 4. d4 exd4 5. Nd5 h6 6. Nxd4 ({RR} 6. Bf4 d6 7. Nxd4 g5 8. Be3 Bg7 9. Bb5 Bd7 10. Nf5 Bxf5 11. exf5 a6 12. Ba4 b5 13. Bb3 Na5 14. O-O O-O 15. c3 Re8 16. Bc2 Nxd5 17. Qxd5 Nc4 18. Bc1 Re5 19. Qb7 d5 20. f4 gxf4 {0-1 Ghannoum,M (2285)-Simoes,M (2111) Maia Chess Open 2024 (2.7)}) 6... Bc5 ({RR} 6... Nxd4 7. Qxd4 Be7 8. Bd3 d6 9. O-O Nxd5 10. exd5 O-O 11. Qe4 f5 12. Qf3 Bf6 13. c3 Be5 14. Bf4 Qh4 15. Bg3 Qf6 16. Bf4 g5 17. Bxe5 dxe5 18. Bc4 e4 19. Qh5 Kg7 20. Rad1 Bd7 21. Rfe1 {1-0 Naroditsky,D (2619)-Nakamura,H (2787) Bullet Chess Winners 2023 (3.8)}) 7. Nxc6 bxc6 $146 ({RR} 7... dxc6 8. Nxf6+ Qxf6 9. Be3 Bxe3 10. fxe3 Qxb2 11. Bc4 Qc3+ 12. Kf2 Qxc4 13. Qd2 O-O 14. e5 Qe4 15. Qc3 Bf5 16. Rac1 Rfe8 17. Rhd1 Rad8 18. Rd2 Rxd2+ 19. Qxd2 Rxe5 20. Re1 g5 21. Kg1 h5 22. Qd8+ {0-1 Seltrecht,A-Hartmann,E Mecklenburg VP-ch U14 Girls 2002 (5)}) ({RR} 7... dxc6 8. Nxf6+ Qxf6 9. Qf3 Qg6 10. Bd3 O-O 11. Bf4 Bg4 12. Qg3 Rfe8 13. f3 Bh5 14. Qxg6 Bxg6 15. Bxc7 f5 16. O-O-O fxe4 17. fxe4 Bxe4 18. Bxe4 Rxe4 19. Rhe1 Rae8 20. Rxe4 Rxe4 21. Rd8+ Kf7 22. Rd7+ {½-½ Oboudi,F-Gijsen,M Wch U14 Girls 2007 (9)}) 8. Nxf6+ Qxf6 9. Qd2 O-O 10. Bd3 d5 11. O-O Re8 12. Re1 Bd6 13. exd5 Bd7 14. Be4 cxd5 15. Qxd5 Rad8 16. Bd2 Qxb2 17. Qb3 Qf6 18. Bc3 Bxh2+ 19. Kxh2 Qh4+ 20. Kg1 Rxe4 21. Rxe4 Qxe4 22. Re1 Qc6 23. Bd4 Be6 24. Qb2 Bd5 25. Re3 f6 26. Rg3 Kh7 27. c3 Re8 28. Qb4 Qe6 29. Qb1+ Be4 30. Qb2 Qf5 31. Bxa7 Bc6 32. Be3 Rd8 33. Bd4 Re8 34. Be3 Re5 35. c4 Qe4 36. Qe2 Bd7 37. Qb2 Qd3 38. Qc1 Be6 39. Bxh6 Qe2 40. Bxg7 Qe1+ 41. Qxe1 Rxe1+ 42. Kh2 Bxc4 43. Bxf6 c6 44. a3 Re2 45. Bd4 Bd5 46. Kh3 Kh6 47. Be3+ Kh7 48. Kh4 Ra2 49. Bd4 Kh6 50. Be3+ Kh7 51. Bc5 Rc2 52. Bd4 Rc4 53. Rg7+ Kh6 54. Rg4 Rc2 55. Be3+ Kh7 56. a4 Bc4 57. a5 Ba6 58. Rg5 Rc4+ 59. g4 Ra4 60. Kg3 Bb5 61. Bb6 Kh6 62. Re5 Kg6 63. f4 Kf6 64. Bd8+ Kf7 65. g5 Bf1 66. f5 Ra2 67. g6+ Kg8 68. Kf4 Rg2 69. Re1 Bd3 70. Bf6 Kf8 71. Rh1 Ke8 72. Rh8+ Kd7 73. Rd8+ 1-0

[Event "Olympiad Women 2024"]
[Site "Budapest HUN"]
[Date "2024.09.18"]
[Round "7.29"]
[Board "4"]
[White "Fang, Kun"]
[Black "Tec Rodas, Sofia Isavelina"]
[Result "1-0"]
[WhiteElo "1769"]
[BlackElo "1800"]
[PlyCount "77"]
[EventDate "2024.09.11"]
[WhiteTeam "Singapore"]
[BlackTeam "Mexico"]
[WhiteTeamCountry "SIN"]
[BlackTeamCountry "MEX"]

1. e4 e5 2. Nf3 Nc6 3. Bb5 a6 4. Ba4 Nf6 5. d3 d6 6. c3 Bd7 7. Bb3 ({RR} 7. Bg5 Be7 8. Nbd2 h6 9. Bh4 Nh5 10. Bxc6 bxc6 11. Bxe7 Qxe7 12. g3 c5 13. Nc4 Nf6 14. Nfd2 Rb8 15. Qc2 c6 16. O-O-O Ng4 17. f3 Nf2 18. Nxd6+ Kf8 19. N2c4 Nxh1 20. Rxh1 h5 21. Qf2 Be6 {½-½ Ponomariov,R (2723)-Fedorchuk,S (2601) Zafra Ruy Lopez op 1st rapid 2007 (5)}) 7... Na5 $146 ({RR} 7... h6 8. Nbd2 g6 9. Nf1 Bg7 10. Ng3 O-O 11. O-O b5 12. h3 Nh7 13. Be3 h5 14. Re1 Kh8 15. d4 Na5 16. Bc2 Nc4 17. Bc1 Nb6 18. b3 Bc6 19. a4 Bb7 20. a5 Nd7 21. b4 Qe7 22. Qe2 {0-1 Pourkashiyan,A (2288)-Yip,C (2372) ch-USA w 2023 (8.6)}) ({RR} 7... h6 8. Nbd2 g6 9. Nf1 Bg7 10. Ng3 Qe7 11. a4 Be6 12. O-O O-O 13. Re1 Rad8 14. Bxe6 Qxe6 15. a5 Rfe8 16. h3 {½-½ Banas,J (2410)-Karolyi,T (2385) HUN-chT Hungary 1995}) ({RR} 7... h6 8. h3 Be6 9. Bxe6 fxe6 10. Qb3 Qc8 11. O-O d5 12. exd5 exd5 13. Re1 Be7 14. Nxe5 Qe6 15. Nf3 Qc8 16. Nd4 Rb8 17. Nxc6 bxc6 18. Qc2 Qf5 19. Bd2 Rb6 20. Be3 Rb8 21. Bc5 O-O 22. Rxe7 {1-0 Vescovi,K (1665)-Meurer,G BRA-ch U12 Girls 2011 (3.1)}) 8. Bc2 g6 9. d4 Nc6 10. O-O Bg7 11. Re1 O-O 12. h3 Nh5 13. Be3 Qe8 14. Nbd2 f5 15. exf5 gxf5 16. Bb3+ Kh8 17. dxe5 dxe5 18. Ng5 Qg6 19. Ndf3 Rad8 20. Nh4 Qe8 21. Bf7 Rxf7 22. Qxh5 Bf6 23. Qxf7 Bxg5 24. Qxe8+ Rxe8 25. Bxg5 Kg8 26. Rad1 Be6 27. b3 Kf7 28. Nf3 e4 29. Nd4 Ne5 30. Nxe6 Rxe6 31. Be3 Nd3 32. Rf1 Kg6 33. f3 Ne5 34. fxe4 fxe4 35. Rd4 Nc6 36. Rd7 Ne7 37. Bc5 Nf5 38. Rxc7 e3 39. Rxb7 1-0

[Event "Olympiad Women 2024"]
[Site "Budapest HUN"]
[Date "2024.09.18"]
[Round "7.30"]
[Board "1"]
[White "Dornbusch, Tatiana"]
[Black "Ortez, Andrea"]
[Result "1-0"]
[WhiteElo "2212"]
[BlackElo "1948"]
[PlyCount "115"]
[EventDate "2024.09.11"]
[WhiteTeam "Monaco"]
[BlackTeam "El Salvador"]
[WhiteTeamCountry "MNC"]
[BlackTeamCountry "ESA"]

1. d4 Nf6 2. Nf3 d5 3. g3 e6 4. Bg2 Be7 5. O-O O-O 6. c4 dxc4 7. Qc2 a6 8. a4 Bd7 9. Bg5 Bc6 10. Qxc4 Nbd7 11. Nc3 h6 12. Bxf6 Nxf6 13. Rfe1 Bxf3 14. Bxf3 c6 15. a5 ({RR} 15. b4 Nd5 16. Na2 Nb6 17. Qd3 Nxa4 18. e4 Bf6 19. e5 Be7 20. Rab1 Nb6 21. Bd1 Nd5 22. Bc2 g6 23. Re4 Kh8 24. Kg2 Rg8 25. h4 Rg7 26. Qd2 h5 27. Nc1 Bf8 28. Nd3 Rh7 29. g4 hxg4 {0-1 Azizoglu,F (2086)-Yuksel,D (1851) TCh-TUR 2nd League 2024 (3.5)}) 15... Qd6 16. Ra4 $146 ({RR} 16. e3 Rad8 17. Red1 Rd7 18. Na4 Qb8 19. Nb6 Rdd8 20. Qb3 Nd5 21. Nc4 Nc7 22. h4 Nb5 23. Kg2 Bf6 24. Qc2 Rfe8 25. h5 Nd6 26. Nb6 Nc8 27. Nc4 Nd6 28. Nb6 Nc8 29. Na4 Qc7 30. Nc5 Qe7 {½-½ Nguyen,T (2560)-Krejci,J (2559) Prague Challengers 2nd 2020 (2)}) ({RR} 16. Na4 Rad8 17. e3 Nd7 18. b4 e5 19. Nc5 Nxc5 20. bxc5 Qf6 21. Bg2 exd4 22. exd4 Rxd4 23. Qc3 Rfd8 24. Rac1 Rd2 25. Qe3 R8d3 26. Qf4 Qxf4 27. gxf4 Kf8 28. Re4 Rd1+ 29. Rxd1 Rxd1+ 30. Bf1 Bxc5 {½-½ Grinev,V (2425)-Baches Garcia,G (2329) Titled Tuesday intern op 27th July blitz 2021 (4)}) 16... Rac8 17. Qb3 Qd7 18. Rd1 Nd5 19. Nb1 Rfd8 20. Nd2 c5 21. e4 Nf6 22. d5 exd5 23. e5 Nh7 24. Bg4 Qc6 25. Bxc8 Rxc8 26. Raa1 Ng5 27. h4 Ne6 28. Qa4 Qc7 29. Nf3 Rd8 30. Rac1 Rd7 31. b4 c4 32. Rxc4 Qd8 33. Rc2 d4 34. Rdc1 Bf8 35. Rd2 Rd5 36. Rc4 b5 37. axb6 Qxb6 38. Rc6 Qxb4 39. Rxa6 Qc3 40. Qd1 Nc5 41. Rc6 d3 42. Rc8 Qa3 43. Qb1 Ne4 44. Qa2 Qxa2 45. Rxa2 d2 46. Nxd2 Nxd2 47. Raa8 Nf3+ 48. Kg2 Nxe5 49. Rxf8+ Kh7 50. h5 g5 51. Rh8+ Kg7 52. Rag8+ Kf6 53. Rxh6+ Ke7 54. Rxg5 f6 55. Rf5 Rd2 56. Rhxf6 Ng4 57. Rf7+ Ke6 58. Kh3 1-0

[Event "Olympiad Women 2024"]
[Site "Budapest HUN"]
[Date "2024.09.18"]
[Round "7.30"]
[Board "2"]
[White "Garcia, Angie"]
[Black "Berezovsky, Fiorina"]
[Result "1-0"]
[WhiteElo "2015"]
[BlackElo "1976"]
[PlyCount "143"]
[EventDate "2024.09.11"]
[WhiteTeam "El Salvador"]
[BlackTeam "Monaco"]
[WhiteTeamCountry "ESA"]
[BlackTeamCountry "MNC"]

1. e4 c5 2. Nf3 Nc6 3. Bb5 d6 4. Bxc6+ bxc6 5. O-O e5 6. h3 Nf6 7. d3 ({RR} 7. Qe2 Be7 8. c3 a5 9. Rd1 Ba6 10. d3 O-O 11. Na3 Nd7 12. Nc4 Re8 13. b3 Bf8 14. Bg5 f6 15. Bc1 d5 16. Ncd2 a4 17. c4 Qa5 18. Rb1 Rab8 19. exd5 cxd5 20. cxd5 axb3 21. axb3 Qa2 {1-0 Pridorozhni,A (2493)-Riazantsev,A (2572) RUS Cup Qualifier 3 blitz 2004}) 7... Be7 8. c4 ({RR} 8. Nc3 O-O 9. Nd2 Nd7 10. Nc4 Nb6 11. b3 Nxc4 12. bxc4 f5 13. exf5 Bxf5 14. Qe2 Qe8 15. Rb1 Qg6 16. Kh1 Rab8 17. Rb3 Rb6 18. Bd2 h6 19. Rfb1 Bd8 20. a4 Rf7 21. f4 Qe6 22. fxe5 dxe5 {1-0 Fernandez Guillen,E (2465)-Janaszak,D (2308) Titled Tue 16th Jan Early 2024 (9)}) 8... O-O 9. Nc3 h6 $146 ({RR} 9... Qc7 10. Nh2 Be6 11. f4 exf4 12. Bxf4 Nd7 13. Qe1 Bf6 14. Qg3 Be5 15. Nf3 Rad8 16. Nxe5 Nxe5 17. Bxe5 dxe5 18. Qe3 Qa5 19. Rac1 Rd4 20. b3 Rfd8 21. Rf3 Qa3 22. Rd1 f6 23. Qe2 Bf7 24. Rdf1 {0-1 Vercillo,F (1851)-Nejanky,M (1971) Buenos Aires ProAm op 26th 2019 (4)}) 10. Nh2 d5 11. b3 dxe4 12. dxe4 Qc7 13. Qe2 Bd6 14. Nf3 Re8 15. Ba3 Nh5 16. Qe3 Qe7 17. Na4 Qf6 18. Rad1 Nf4 19. Kh2 Qg6 20. Rg1 Bc7 21. Bxc5 Qh5 22. Nd2 Bg4 23. Rde1 Rad8 24. Qg3 f5 25. Nf3 Rd3 26. Be3 Ng6 27. Nc5 Rdd8 28. Na6 Bd6 29. c5 Bb8 30. Nxb8 Rxb8 31. exf5 Bxf5 32. Bd2 Rbd8 33. Bc3 e4 34. Ne5 Nxe5 35. Bxe5 Qf7 36. Bd6 Re6 37. Re3 Rg6 38. Qf4 Qd5 39. g4 Bd7 40. Qxe4 Qf7 41. Qc2 Rf6 42. Bg3 Re8 43. Rge1 Rfe6 44. Qd2 Rxe3 45. Rxe3 h5 46. Rxe8+ Qxe8 47. Qg5 hxg4 48. hxg4 Be6 49. Bd6 Qd7 50. Kg3 Bd5 51. f4 Qe6 52. Be5 Qd7 53. f5 Kf8 54. Bd6+ Ke8 55. Qh5+ Qf7 56. Qh8+ Qg8 57. Qxg8+ Bxg8 58. Kf4 Bd5 59. Ke5 Kf7 60. g5 g6 61. fxg6+ Kxg6 62. Be7 Kf7 63. Kd6 Ke8 64. Bf6 a6 65. Kc7 Be4 66. Kb6 Kd7 67. Kxa6 Bb1 68. a4 Bc2 69. a5 Kc7 70. Be5+ Kd7 71. Kb7 Bxb3 72. a6 1-0

[Event "Olympiad Women 2024"]
[Site "Budapest HUN"]
[Date "2024.09.18"]
[Round "7.30"]
[Board "3"]
[White "Berezovska, Svetlana"]
[Black "Vasquez Vasquez, Marielos"]
[Result "1-0"]
[WhiteElo "1869"]
[BlackElo "1844"]
[PlyCount "103"]
[EventDate "2024.09.11"]
[WhiteTeam "Monaco"]
[BlackTeam "El Salvador"]
[WhiteTeamCountry "MNC"]
[BlackTeamCountry "ESA"]

1. e4 c5 2. Nf3 Nc6 3. d4 cxd4 4. Nxd4 g6 5. c4 Bg7 6. Be3 Nf6 7. Nc3 O-O 8. Be2 d6 9. O-O Bd7 10. Nc2 Be6 11. f4 ({RR} 11. Rc1 Nd7 12. Qd2 a5 13. f3 a4 14. Na3 Qa5 15. f4 Nc5 16. Bf3 Nb4 17. Be2 Nxa2 18. Nxa2 Qxd2 19. Bxd2 Bd4+ 20. Kh1 Bxb2 21. Bb4 Bxc1 22. Nxc1 Nxe4 23. Bf3 Nf6 24. Nd3 Bg4 25. Bxg4 Nxg4 {0-1 So,W (2765)-Iturrizaga Bonelli,E (2637) PRO League Stage rapid 2019 (10)}) 11... a5 $146 ({RR} 11... Qa5 12. g4 Rfc8 13. f5 Bd7 14. g5 Ne8 15. Nd5 e6 16. fxg6 hxg6 17. Nf6+ Bxf6 18. gxf6 Qe5 19. Bd3 Nxf6 20. Qf3 Kg7 21. Rf2 Rf8 22. b4 d5 23. b5 dxe4 24. Bxe4 Nxe4 25. bxc6 Bxc6 26. Bd4 {1-0 Naroditsky,D (2622)-Gorovets,A (2513) Chicago op 24th 2015 (8)}) ({RR} 11... Qc8 12. Qd2 Ng4 13. Bxg4 Bxg4 14. f5 gxf5 15. Bh6 Bxh6 16. Qxh6 Qe6 17. Qh4 fxe4 18. Ne3 f5 19. h3 Kh8 20. hxg4 f4 21. Ned5 f3 22. Rae1 fxg2 23. Rxf8+ Rxf8 24. Rxe4 Ne5 25. Kxg2 Qf7 26. Nf4 {1-0 Alexakis,D (2443)-Kapnisis,S (2405) Piraeus GM Apr 2024 (5.4)}) ({RR} 11... Qc8 12. Qd2 Ng4 13. Bxg4 Bxg4 14. f5 gxf5 15. Bh6 f4 16. Bxg7 Kxg7 17. Rxf4 Kh8 18. Nd5 Be6 19. Nce3 Rg8 20. Raf1 Rg7 21. Rh4 f6 22. b3 Ne5 23. Rf2 Qc5 24. Nf4 Bd7 25. h3 Rag8 26. Kh2 {0-1 Saric,A (2565)-Hausrath,D (2516) Biel MTO op 46th 2013 (6)}) ({RR} 11... Qc8 12. h3 Na5 13. b3 b5 14. Nxb5 Nxe4 15. Bd4 Ng3 16. Re1 Nxe2+ 17. Rxe2 Nc6 18. Bxg7 Kxg7 19. Nbd4 Nd8 20. Qd2 Qc5 21. Kh2 Rb8 22. Rae1 Rb7 23. g4 Kg8 24. f5 Bc8 25. Rxe7 Rxe7 26. Rxe7 {1-0 Bluebaum,M (2510)-Feygin,M (2512) Bundesliga 1314 2013 (7.7)}) 12. Rc1 Rc8 13. a3 Ne8 14. Qd2 f5 15. exf5 Bxf5 16. Bf3 Nf6 17. Nd5 Ne4 18. Bxe4 Bxe4 19. b4 axb4 20. axb4 e5 21. b5 Ne7 22. Bb6 Qd7 23. Nce3 exf4 24. Nxe7+ Qxe7 25. Nd5 Qe5 26. Rxf4 Bxd5 27. Rxf8+ Bxf8 28. Bd4 Qe4 29. Re1 Qxg2+ 30. Qxg2 Bxg2 31. Kxg2 Rxc4 32. Bf2 Rb4 33. b6 Kf7 34. Rc1 Re4 35. Rc7+ Re7 36. Bh4 Ke6 37. Bxe7 Bxe7 38. Rxb7 Bd8 39. Rb8 Bxb6 40. Rxb6 Ke5 41. Kf3 d5 42. Ke3 d4+ 43. Kd3 Kf4 44. Kxd4 Kg4 45. Rb3 g5 46. Ke4 h5 47. Rf3 Kh4 48. Rg3 g4 49. Ke5 Kg5 50. h3 Kh4 51. hxg4 hxg4 52. Kf4 1-0